00468nam a22001337a 4500008004100000082001600041100002400057245010100081260002100182300000900203942001200212999001500224952009500239230612b xxu||||| |||| 00| 0 eng d a354.62bGOK cGovernment of Kenya aReport of the Public Accounts Committee on the Government of Kenya Accounts for the year 2005/06 aKenyabGOKc2006 a655p 2ddccBK c1058d1058 00102ddc4070a001b001d2023-06-12l0o354.62 GOKp10014935r2023-06-12w2023-06-12yBK